00814 2200277 4500001002100000005001500021035002500036007000300061008004100064020002200105040001700127041000800144082001400152084001600166090002000182090002100202100002000223245010400243260003400347300002700381504003200408651004200440850001200482999002100494990002100515INLIS00000000002886720190823084957 a0010-071700000000037ta170704s2017 yoi g ind d a978-602-6576-08-8 aYOPDYOGbind0 aind04223a959.8 a959.8 AGU p aDEP 959.8 AGU p aCB-D.11 2017-4510 aAgus Hiplunudin10aPolitik identitas di Indonesia :bdari zaman kolonialis Belanda hingga reformasi /cAgus Hiplunudin3 aYogyakarta :bCalpulis,c2017 ax, 94 halaman ;c25 cm aBibliografi : halaman 87-94 4aIndonesia--xPolitik dan pemerintahan aYOPDYOG aCB-D.11/2017-451 aCB-D.11/2017-451